000 00667cam a2200229 4500500
005 20260405003817.0
041 _afre
042 _adc
100 1 0 _ade Oliveira, Victorine
_eauthor
245 0 0 _aMarc Aurèle : journal de campagne
260 _c2023.
500 _a49
690 _aCité
690 _aExercices spirituels
690 _aMarc Aurèle
690 _aPierre Hadot
690 _aRome
690 _aStoïciens
690 _aStoïcisme
786 0 _nPhilosophie magazine | 175 | 12 | 2023-12-01 | p. 42-43 | 1951-1787
856 4 1 _uhttps://shs.cairn.info/magazine-philosophie-magazine-2023-12-1-page-42?lang=fr&redirect-ssocas=7080
999 _c2071037
_d2071037